Central Library || Chittagong University

Practical Plant Physiology (Record no. 15)

MARC details
000 -LEADER
fixed length control field 00581nam a2200205 a 4500
001 - CONTROL NUMBER
control field 000015
003 - CONTROL NUMBER IDENTIFIER
control field BD-ChCU
005 - DATE AND TIME OF LATEST TRANSACTION
control field 20230204155812.0
008 - FIXED-LENGTH DATA ELEMENTS--GENERAL INFORMATION
fixed length control field 140701s2009 aii b 002 0 eng
020 ## - INTERNATIONAL STANDARD BOOK NUMBER
International Standard Book Number 9788173815546
040 ## - CATALOGING SOURCE
Original cataloging agency DLC
Transcribing agency DLC
Modifying agency BD-ChCU
082 00 - DEWEY DECIMAL CLASSIFICATION NUMBER
Classification number 571.2/C545p
100 1# - MAIN ENTRY--PERSONAL NAME
Personal name Choudhuri, M. Acharyya
Titles and words associated with a name Gupta, K.K.
245 10 - TITLE STATEMENT
Title Practical Plant Physiology
Statement of responsibility, etc.
-- M. Acharyya Choudhuri.
260 ## - PUBLICATION, DISTRIBUTION, ETC.
Place of publication, distribution, etc. Kalkata, India
Date of publication, distribution, etc. New Central book Agency..
-- 2009
300 ## - PHYSICAL DESCRIPTION
Extent 225p
504 ## - BIBLIOGRAPHY, ETC. NOTE
Bibliography, etc. note Includes index Bibliography.
650 #0 - SUBJECT ADDED ENTRY--TOPICAL TERM
Topical term or geographic name entry element Plant Physiology, Botany
942 ## - ADDED ENTRY ELEMENTS (KOHA)
Source of classification or shelving scheme Dewey Decimal Classification
Koha item type Books
Holdings
Withdrawn status Lost status Source of classification or shelving scheme Damaged status Not for loan Home library Current library Shelving location Date acquired Total Checkouts Full call number Barcode Date last seen Copy number Price effective from Koha item type Source of acquisition
    Dewey Decimal Classification     Chittagong University Library Chittagong University Library Staff Office 07/01/2014   571.2/C545p 294957 07/01/2014 1 07/01/2014 Books  
    Dewey Decimal Classification     Chittagong University Library Chittagong University Library Staff Office 07/01/2014   571.2/C545p 294958 07/01/2014 2 07/01/2014 Books  
    Dewey Decimal Classification     Chittagong University Library Chittagong University Library Staff Office 02/08/2015   571.2/C545p 301168 02/08/2015 3 02/08/2015 Books purchased
© Copyright 2025. Chittagong University Library, Installation and Maintenance by Prof. Dr. Md. Alamgir, 01711306253